Sports Quiz

Random Sports Quiz

100 career goals - Ottawa Senators Quiz Stats

Quiz not verified by Sporcle

Challenge
Share
Tweet
Embed
Score 0/15 Timer 04:00
0 Plays Today
Seasons Player % Correct
1995-2013Daniel Alfredsson
99.2%
2002-2014Jason Spezza
95.8%
2005-2009Dany Heatley
94.2%
2009-presentErik Karlsson
92.6%
1993-2001Alexei Yashin
92.1%
1997-2004Marian Hossa
86.6%
1996-2007Wade Redden
75.4%
2000-2006Martin Havlat
74.2%
Seasons Player % Correct
1999-2011Mike Fisher
73.8%
1994-2004Radek Bonk
69.3%
2001-2017Chris Neil
63.1%
2011-2018Kyle Turris
60.6%
1996-2002Shawn McEachern
50.1%
2009-2016Milan Michalek
41.2%
2011-presentMike Hoffman
40.9%

You're not logged in!

Compare scores with friends on all Sporcle quizzes.
Sign Up with Email
OR
Log In

You Might Also Like...

Show Comments

Extras

Top Quizzes Today


Score Distribution

Your Account Isn't Verified!

In order to create a playlist on Sporcle, you need to verify the email address you used during registration. Go to your Sporcle Settings to finish the process.

Report this User

Report this user for behavior that violates our Community Guidelines.

Details: